000 00743nam a22002777a 4500
005 20170810145511.0
008 170330b xxu||||| |||| 00| 0 spa d
020 _a9786071724748
041 _aspa
082 _a1.2.1 S586e
100 _aSilva Contreras, Víctor
_941769
245 _aEvaluación del confort, turismo y sustentabilidad
260 _aMéxico
260 _bTrillas
260 _c2015
300 _a189 páginas
650 _aADMINISTRACIÓN HOTELERA
_93716
650 _aTURISMO
_9894
650 _aHOTELES
_91620
650 _aCONFORT
_941770
650 _aSISTEMAS NATURALES
_941771
650 _aTERMODINÁMICA
_91962
650 _aSUSTENTABILIDAD
_96950
650 _aTOMA DE DECISIONES
_9865
942 _cBK
999 _c9181
_d9181